| Tag |
First Indicator |
Second Indicator |
Subfields |
| LEADER |
00000pam a2200000 a 4500 |
| 001 |
in00001697828 |
| 005 |
20151024145944.0 |
| 008 |
011010s2002 njuab b 001 0beng |
| 010 |
|
|
|a 2001054532
|
| 020 |
|
|
|a 0838639313
|
| 035 |
|
|
|a (OCoLC)ocm48163369
|
| 040 |
|
|
|a DLC
|c DLC
|d UtOrBLW
|
| 043 |
|
|
|a n-us---
|a n-cn---
|
| 049 |
|
|
|a TXAM
|
| 050 |
0 |
0 |
|a E207.M7
|b .G33 2002
|
| 082 |
0 |
0 |
|a 973.3/092
|a B
|2 21
|
| 100 |
1 |
|
|a Gabriel, Michael P.,
|d 1962-
|
| 245 |
1 |
0 |
|a Major general Richard Montgomery :
|b the making of an American hero /
|c Michael P. Gabriel.
|
| 264 |
|
1 |
|a Madison, N.J. :
|b Fairleigh Dickinson University Press ;
|a London :
|b Associated University Presses,
|c [2002]
|
| 264 |
|
4 |
|c ©2002
|
| 300 |
|
|
|a 277 pages :
|b illustrations, map ;
|c 24 cm.
|
| 336 |
|
|
|a text
|b txt
|2 rdacontent
|
| 337 |
|
|
|a unmediated
|b n
|2 rdamedia
|
| 338 |
|
|
|a volume
|b nc
|2 rdacarrier
|
| 504 |
|
|
|a Includes bibliographical references (pages 251-267) and index.
|
| 600 |
1 |
0 |
|a Montgomery, Richard,
|d 1738-1775.
|
| 650 |
|
0 |
|a Generals
|z United States
|v Biography.
|
| 610 |
1 |
0 |
|a United States.
|b Continental Army
|v Biography.
|
| 650 |
|
0 |
|a Canadian Invasion, 1775-1776.
|
| 651 |
|
0 |
|a United States
|x History
|y Revolution, 1775-1783
|x Campaigns.
|
| 945 |
|
|
|i PromptCat
|
| 948 |
|
|
|a cataloged
|b h
|c 2002/8/28
|d c
|e dmitchel
|f 2:18:06 am
|
| 994 |
|
|
|a 92
|b TXA
|
| 999 |
|
|
|a MARS
|
| 999 |
f |
f |
|s ca06adf3-0ff5-38c7-b827-0f0bd8fe975f
|i ba8f3d24-6c52-3f06-b41f-27fe10f1d767
|t 0
|
| 952 |
f |
f |
|p ric
|a Texas A&M University
|b Rellis Campus
|c Joint Library Facility
|d Remote Storage
|t 0
|e E207.M7 .G33 2002
|h Library of Congress classification
|i unmediated -- volume
|m A14829116710
|
| 998 |
f |
f |
|a E207.M7 .G33 2002
|t 0
|l Remote Storage
|